000 01257nam a22002777a 4500
003 OSt
005 20250211091535.0
007 cr ||||||a|c|a
008 230214s2021 mx a|||fom||| 001 0 spa d
040 _erda
100 1 _9186065
_aIsidro Antonio, Maria Isabel
245 1 _aEfecto del medio de cultivo y la luz led sobre la germinación in vitro de barkeria melanocaulon A.Rich.& Galeotti (Orchidaceae) /
_cpor María Isabel Isidro Antonio; director de tesis Alejandra Villafuerte Salazar.
264 1 _aChapingo, México :
_bEl autor,
_c2021.
300 _a1 recurso en línea (76 páginas).
_bcuadros, figuras.
336 _2rdacontent
_atexto
_btxt
337 _2rdamedia
_acomputadora
_bc
338 _2rdacarrier
_arecurso en línea
_bcr
502 _bLAHP
_cFitotecnia
_d2021.
_gLIC
504 _aIncluye referencias bibliográficas: páginas 57-64.
650 4 _9175078
_aOrquídeas
_x Cultivo
_x Manuales
650 4 _9186174
_aOrquídeas
_xSemillas
_xGerminación
650 4 _9186173
_aLuz
_xEfecto en orquideas
700 1 _9186177
_aVillafuerte Salazar, Alejandra
_eDirector de tesis.
856 _uhttp://10.13.5.2/tesis/tl/2021_FI_Isidro_Antonio_MariaIsabel.pdf
_zDESCARGAR PDF
942 _2Clasificación Universidad Autónoma Chapingo
_cTD
999 _c218338
_d218338